000 00857nam a22002177a 4500
003 OSt
005 20260511153241.0
008 260511b |||||||| |||| 00| 0 eng d
020 _a9780008651305
040 _aKenya National Library Service
082 _a823.92 FOR
100 _aFord, Harper
245 _aDivorced not dead /
_cHarper Ford.
300 _a374 pages ;
_c20 cm
520 _aThe novel follows Frankie, a fifty-year-old divorced woman rebuilding her life after the end of a long marriage. As she enters the world of online dating, friendships, and self-discovery, the story combines humor, romance, and themes of independence, middle age, and personal reinvention.
650 _aDivorced women -- Fiction
650 _aOnline dating -- Fiction
942 _2ddc
_cBK
_n0
999 _c492678
_d492678